000 00683 a2200253 4500
041 _aEng
082 _a301.152
_bG918
100 _aBarker, Larry L
_920574
100 _aWahlers, Kathy J.
_920575
100 _aCegala, Donald J.
_920576
100 _aKibler, Robert J.
_920577
245 _aGroups in process
_ban introduction to small group communication
250 _a2nd ed.
260 _aEnglewood
_bPrentice-Hall
_cc1983
300 _aviii, 264p. illus.
518 _a2011-03-03
530 _aM
650 _aDecision making
_91113
650 _aSocial groups
650 _aGroup behaviour
_92595
650 _aLeadership
653 _aSociology
942 _2ddc
_cGEN
999 _c59722
_d59710